The new arthashastra / (Record no. 137818)

MARC details
000 -LEADER
fixed length control field 00558nam a22001937a 4500
005 - DATE AND TIME OF LATEST TRANSACTION
control field 20170223162152.0
010 ## - LCCN (DPL NO)
LC control number ENG-117321
020 ## - INTERNATIONAL STANDARD BOOK NUMBER
International Standard Book Number 9789351777519
Terms of availability 799.00
035 ## - SYSTEM CONTROL NUMBER
System control number EN-100853
037 ## - SOURCE OF ACQUISITION
Source of stock number/acquisition DBAD/PUB
082 ## - DEWEY DECIMAL CLASSIFICATION NUMBER
Classification number 355.033054
245 ## - TITLE STATEMENT
Title The new arthashastra /
Statement of responsibility, etc edited by Gurmeet Kanwal
260 ## - PUBLICATION, DISTRIBUTION, ETC. (IMPRINT)
Place of publication, distribution, etc Noida
Name of publisher, distributor, etc HarperCollins Publishers
Date of publication, distribution, etc 2016
270 ## - ADDRESS
Address A-75,Sector 57
City Noida
Postal code 201301
300 ## - PHYSICAL DESCRIPTION
Extent vii,435p.
Dimensions 21cm(Hb)
500 ## - GENERAL NOTE
General note Includes index
700 ## - ADDED ENTRY--PERSONAL NAME
Personal name Kanwal,Gurmeet
942 ## - ADDED ENTRY ELEMENTS (KOHA)
Source of classification or shelving scheme Dewey Decimal Classification
Item type English Books
Classification part 355.033054
Call number suffix THE
Holdings
Withdrawn status Lost status Not for loan Collection code Home library Current library Date acquired Source of acquisition Cost, normal purchase price Full call number Barcode Copy number Cost, replacement price Koha item type
    Not For Loan Non-fiction D.B.Act.Division D.B.Act.Division 23/02/2017 DBAD/PUB 799.00 355.033054 THE EN-100853 1 799.00 English Books

© Delhi Public Library
Hit Counter
free hit counter